| 000 | 01232cab a22003015a 4500 | ||
|---|---|---|---|
| 001 | L160024 | ||
| 008 | 150113e2016 xxk 000 0 eng d | ||
| 035 | _a(Sirsi) u160024 | ||
| 041 | 0 | _aeng | |
| 050 | _a692.8 | ||
| 100 | 1 | _aCobb, Laurence | |
| 245 | 0 | 0 |
_aPositional sense _h[electronic resource] |
| 260 |
_aLondon _bRICS _c2016 |
||
| 490 |
_aRICS Building Surveying Journal _vMay 2016 - June 2016, 22(1) |
||
| 520 | _aConsiders the liabilities of project monitors and construction professionals, plus the validity of liquidated and ascertained damage provisions. | ||
| 650 | 2 | 4 | _aLLOYDS BANK PLC V MCBAINS COOPER CONSULTANCY LTD |
| 650 | 2 | 4 | _aWILLIAM CLARK PARTNERSHIP LTD V DOCK ST PCT LTD |
| 650 | 2 | 4 | _aCavendish Square Holding BV v El Makdessi |
| 650 | 2 | 4 | _aParkingeye Ltd v Beavis |
| 650 | 2 | 4 | _aPROJECT MONITORING |
| 650 | 2 | 4 | _aLIQUIDATED DAMAGES |
| 650 | 2 | 4 | _aDAMAGES |
| 651 | 4 |
_aUnited Kingdom _y |
|
| 690 |
_aInsurance _96249 |
||
| 856 | 4 | 0 |
_uhttps://www.rics.org/Global/BSJ-BCJ%20May-June%202016%20Interactive.pdf _zView the article free of charge at www.rics.org... |
| 856 | 4 | 0 |
_uhttps://www.rics.org/Global/BSJ-BCJ%20May-June%202016%20Interactive.pdf _yAvailable free online via Issuu |
| 942 |
_n0 _2ddc |
||
| 999 |
_c85139 _d85139 |
||